000 00679nam a2200205Ia 4500
003 GCL
005 20240530103511.0
008 140319s9999 xx 000 0 ara d
020 _a9771005022
040 _aGCL /
_cGCL
082 0 4 _a810.982
_bع ن
100 1 _aعبده عبدالعزيز قلقيلة
245 1 0 _aالنقد الادبى فى العصر المملوكى /
_cعبده عبدالعزيز قلقيلة
250 _aط2
260 _aالقاهرة :
_bدار الفكر العربى ،
_c1991
300 _a448 ص ؛
_c24 سم
650 0 4 _aالادباء العرب
650 0 4 _aالادب العربى - العصر المملوكى
942 _2ddc
_cBK
999 _c40005
_d40005